000 00344nam a2200133Ia 4500
008 100328s9999 xx 000 0 und d
082 _b26389
100 _aनांगरे बळराम
245 _aदैवरेखा
260 _bअभय
630 _aदैवरेखा
730 _aदैवरेखा
942 _cBOOK
999 _c518808
_d518805